000 00741nam a22002890a 4500
001 PT45308
003 AR-LpoUNG
005 20210131231043.0
008 191001s2006||||ag |||||||||||||||||spa d
020 _a9879011732
_c$13,09
040 _aAR-LpoUNG
_bspa
_cAR-LpoUNG
_eaacr
041 _aspa
044 _aag
082 0 _a808.068 3 298cre
100 1 _aBasch, Adela
245 1 0 _aCrecí hasta volver a ser pequeña
250 _a1ra. ed.
260 _aBuenos Aires :
_bDel Eclipse,
_c2006.
300 _a40 p. :
_bil.
650 4 _aCUENTOS
650 4 _aLITERATURA
651 4 _aDOCUMENTOS TEORICOS O METODOLOGICOS
653 _aLITERATURA INFANTIL
700 1 _aLozupone, María Delia
905 _a45308
942 _cLIB
999 _c7720
_d7720